ბათუმის შოთა რუსთაველის სახელმწიფო უნივერსიტეტის ბიბლიოთეკა

The U.S.-Japan Alliance: (ბიბ.ჩანაწერი № 64003)

000 -LEADER
fixed length control field 00756nam a22001817a 4500
005 - DATE AND TIME OF LATEST TRANSACTION
control field 20260306152214.0
008 - FIXED-LENGTH DATA ELEMENTS--GENERAL INFORMATION
fixed length control field 260306s1999 enk||||| |||| 00| 0 eng d
020 ## - INTERNATIONAL STANDARD BOOK NUMBER
International Standard Book Number 9780876092491x
041 ## - LANGUAGE CODE
Language code of text/sound track or separate title eng
080 ## - UNIVERSAL DECIMAL CLASSIFICATION NUMBER
Universal Decimal Classification number 355.40 The-44
245 ## - TITLE STATEMENT
Title The U.S.-Japan Alliance:
Remainder of title Past, Present, and Future /
Statement of responsibility, etc. Editors Michael J. Green, Patrick M. Cronin.
264 ## - PRODUCTION, PUBLICATION, DISTRIBUTION, MANUFACTURE, AND COPYRIGHT NOTICE
Place of production, publication, distribution, manufacture New York :
Name of producer, publisher, distributor, manufacturer Council on Foreign Relations,
Date of production, publication, distribution, manufacture, or copyright notice 1999.
300 ## - PHYSICAL DESCRIPTION
Extent 405 p.;
Other physical details 23 cm.
653 ## - INDEX TERM--UNCONTROLLED
keyword აშშ-იაპონიის ალიანსი: წარსული, აწმყო და მომავალი
700 ## - ADDED ENTRY--PERSONAL NAME
Personal name Green, Michael J.
Relator term რედაქტორი
9 (RLIN) 27074
700 ## - ADDED ENTRY--PERSONAL NAME
Personal name Cronin, Patrick M.
Relator term რედაქტორი
9 (RLIN) 27075
942 ## - ADDED ENTRY ELEMENTS (KOHA)
Source of classification or shelving scheme
Koha item type წიგნი
ეგზემპლარები
Withdrawn status Lost status Source of classification or shelving scheme Damaged status Not for loan Permanent Location Current Location Shelving location Date acquired Cost, normal purchase price Full call number Barcode Date last seen Copy number Uniform Resource Identifier Price effective from Koha item type Public note
          ბათუმის შოთა რუსთაველის სახელმწიფო უნივერსიტეტის მთავარი ბიბლიოთეკა ბათუმის შოთა რუსთაველის სახელმწიფო უნივერსიტეტის მთავარი ბიბლიოთეკა წიგნსაცავი 2026-03-06 15.00 355.40 The-44 73886 2026-03-06 73886 იაპონიის ელჩის საჩუქარი 2026-03-06 წიგნი 15 ლ.